| 000 | 00954nam a22002417a 4500 | ||
|---|---|---|---|
| 005 | 20240530110514.0 | ||
| 008 | 151224s2013 ua g b 000 0 ara d | ||
| 017 |
_a2012/21028 _bمصر . دار الكتب المصرية |
||
| 020 | _a9789776413313 | ||
| 040 | _aEG-CaGPL | ||
| 082 | 0 | 4 |
_221 _a153.42\ _bم ت |
| 100 | 0 | _aمحمود محمد على محمد | |
| 245 | 1 | 2 |
_aالتفكير العلمى و مستجدات الواقع المعاصر : _bقضايا و اشكاليات / _cتاليف محمود محمد على محمد |
| 250 | _aط1 | ||
| 260 |
_aالاسكندرية : _bدار الوفاء لدنيا الطباعة و النشر ، _c2013 . |
||
| 300 |
_a335 ص ؛ _c24 سم . |
||
| 504 | _aيشتمل على ارجاعات ببليوجرافية | ||
| 600 | 0 | 4 | _aلاكاتوش ، امرى |
| 600 | 0 | 4 | _aسوكال ، الان |
| 650 | 0 | 4 | _aالتفكير |
| 942 |
_2ddc _cBK |
||
| 999 |
_c61740 _d61740 |
||